|
|
|
|
| LEADER |
00000nam0a2200000 4500 |
| 001 |
374870 |
| 005 |
20231102012703.0 |
| 035 |
|
|
|a (RuTPU)RU\TPU\retro\32305
|
| 035 |
|
|
|a RU\TPU\book\304013
|
| 090 |
|
|
|a 374870
|
| 100 |
|
|
|a 20221219d1986 m y0rusy50 ca
|
| 101 |
0 |
|
|a rus
|
| 102 |
|
|
|a RU
|
| 105 |
|
|
|a a j 001zy
|
| 200 |
1 |
|
|a Диэлектрические и оптические свойства жидкостей
|e [учебное пособие]
|f В. Г. Артамонов, Ю. А. Любимов
|g Московский государственный университет им. М. В. Ломоносова (МГУ)
|
| 210 |
|
|
|a Москва
|c Изд-во Московского ун-та
|d 1986
|
| 215 |
|
|
|a 101 с.
|c ил.
|
| 320 |
|
|
|a Библиогр.: с. 98-99
|
| 606 |
1 |
|
|a Физика конденсированного состояния
|2 stltpush
|3 (RuTPU)RU\TPU\subj\71146
|9 85182
|
| 610 |
1 |
|
|a электромагнитное поле
|
| 610 |
1 |
|
|a электрические заряды
|
| 610 |
1 |
|
|a диэлектрические среды
|
| 610 |
1 |
|
|a электрическая поляризация
|
| 610 |
1 |
|
|a свет
|
| 610 |
1 |
|
|a молекулярное рассеяние
|
| 610 |
1 |
|
|a учебные пособия
|
| 675 |
|
|
|a 538.9(075.8)
|v 3
|
| 700 |
|
1 |
|a Артамонов
|b В. Г.
|g Владимир Георгиевич
|
| 701 |
|
1 |
|a Любимов
|b Ю. А.
|g Юрий Анатольевич
|
| 712 |
0 |
2 |
|a Московский государственный университет им. М. В. Ломоносова (МГУ)
|2 stltpush
|3 (RuTPU)RU\TPU\col\7
|
| 801 |
|
1 |
|a RU
|b 63413507
|c 20150112
|
| 801 |
|
2 |
|a RU
|b 63413507
|c 20221219
|g RCR
|
| 942 |
|
|
|c BK
|